Koh Lanta - les vainqueurs - Statistiques

Statistiques générales
  • Ce quiz a été pris 40 fois
  • Le résultat moyen est 17 sur 31
Statistiques - réponses
Année Vainqueur % Correct
Saison 5 - 2005 Clémence
82%
Edition spéciale - 2018 Clémence
82%
Edition spéciale - 2014 Laurent
70%
Saison 16 - 2016 Benoît
67%
Saison 7 - 2007 Jade / Kevin
67%
Saison 23 - 2022 François / Bastien
64%
Saison 27 - 2025 Gaëlle
64%
Edition spéciale - 2010 Grégoire
64%
Saison 21 - 2020 Alexandra
61%
Edition spéciale - 2012 Bertrand
61%
Saison 17 - 2017 Frédéric
61%
Saison 24 - 2023 Frédéric
61%
Saison 4 - 2004 Philippe
61%
Saison 10 - 2010 Philippe
61%
Saison 12 - 2012 Ugo
61%
Saison 18 - 2017 André
58%
Saison 20 - 2019 Maud
58%
Edition spéciale - 2020 Naoil
58%
Saison 9 - 2009 Christina
52%
Saison 14 - 2015 Marc
52%
Saison 22 - 2021 Maxine
52%
Saison 15 - 2016 Wendy
52%
Saison 26 - 2024 Thibault
48%
Saison 2 - 2002 Amel
45%
Saison 8 - 2008 Christelle
45%
Saison 6 - 2006 François-David
45%
Saison 11 - 2011 Gérard
45%
Saison 1 - 2001 Gilles
45%
Saison 25 - 2024 Léa
42%
Edition spéciale - 2009 Romuald
36%
Saison 3 - 2003 Delphine / Isabelle
33%
Aucun quiz correspondant
Distribution des résultats
% des personnes avec chaque résultat
Percentile par nombre de réponses
Votre historique - résultats
Vous n’avez pas pris ce quiz